បណ្ឌិតធនញ្ជ័យ : (Record no. 8588)

MARC details
000 -LEADER
fixed length control field 05299nam a22003017a 4500
001 - CONTROL NUMBER
control field 8588
003 - CONTROL NUMBER IDENTIFIER
control field FISKH
005 - DATE AND TIME OF LATEST TRANSACTION
control field 20251002101633.0
008 - FIXED-LENGTH DATA ELEMENTS--GENERAL INFORMATION
fixed length control field 251002b cb ||||| |||| 00| 0 eng d
020 ## - INTERNATIONAL STANDARD BOOK NUMBER
International Standard Book Number 9789995094744
040 ## - CATALOGING SOURCE
Original cataloging agency FISKH
Language of cataloging khr
Transcribing agency FISKH
Modifying agency FISKH
050 ## - LIBRARY OF CONGRESS CALL NUMBER
Classification number PZ7
100 ## - MAIN ENTRY--PERSONAL NAME
Personal name Sotheary, Kimsun
245 ## - TITLE STATEMENT
Title បណ្ឌិតធនញ្ជ័យ :
Remainder of title Thun Chey the sage /
Statement of responsibility, etc. រៀបរៀងដោយ អ្នកស្រី គឹមស៊ុន​ សុធារី
260 ## - PUBLICATION, DISTRIBUTION, ETC.
Place of publication, distribution, etc. Phnom Penh :
Name of publisher, distributor, etc. Reading Books ,
Date of publication, distribution, etc. 2009.
300 ## - PHYSICAL DESCRIPTION
Extent 28 pages :
Other physical details color illustrations ;
Dimensions 25 cm .
490 ## - SERIES STATEMENT
Series statement ពិភពរឿងនិទាន
505 ## - FORMATTED CONTENTS NOTE
Formatted contents note P <br/>
520 ## - SUMMARY, ETC.
Summary, etc. ភាពល្បីល្បាញរបស់ធនញ្ជ័យបានលីទៅដល់ស្រុកចិន។ ស្តេចចិនក៏ចង់មកស្រុកខ្មែរដើម្បីផ្ចាញ់ធនញ្ជ័យ ។ ធនញ្ជ័យខ្លាចចាញ់ គាត់ក៏បានទៅលោតទឹកហើយក៏អណ្តែតទៅដល់សំពៅចិន។ លុះដល់វេលាកំណត់ ធនញ្ជ័យបានឈ្នះក្នុងការដោះប្រស្នា ។ ក្រោយមកស្តេចខ្មែរភ័យខ្លាចធនញ្ជ័យដណ្តើមរាជក៏បញ្ជាអោយធនញ្ជ័យទៅនៅស្រុកឆ្ងាយក្បែរទន្លេ ។​ ធនញ្ជ័យបានប្រមូលពន្ធពីរាស្រ្ត ដំណឺងនេះបានលីដល់ព្រះរាជាទ្រង់ក៏អោយសេនាយកធនញ្ជ័យទៅសម្លាប់ ដោយចងនៅកណ្តលទូក ។​ ធនញ្ជ័យបានសុំអោយសេនាស្រាយចំនងចេញពីខ្លួន និងសុំអោយអ្នកចែវទូកស្រែកថា ហៃអើៗ នៅពេលដែល​ខ្លួនធ្លាក់ទឹក ។ ក្រោយពីរួចខ្លួន​គាត់ក៏បួស ។ ក្រោយពីដឹងថាធនញ្ជ័យស្លាប់ស្តេចចិនក៏ចង់ផ្ចាញ់ប្រស្នាម្តងទៀត។ លោកសង្ឃជ័យក៏មកបិណ្ឌបាតនៅរាជវាំង ។ ព្រះរាជាក៏ចាត់អោយធនញ្ជ័យនៅចាំដោះប្រស្នាជាមួយអ្នកប្រាជ្ញស្រុកចិន ។​ ក្រោយឈ្នះក្នុងការដោះប្រស្នាជាលើកទី២ បានរៀបការជាមួយនាងសួស្តី ។ ក្រោយរៀបការធនញ្ជ័យក៏បានធ្វើដំណើរទៅស្រុកចិន ពេលទៅដល់ធនញ្ជ័យនិយាយពាក្យមិនសមរម្យដាក់ស្តេចគាត់ក៏ត្រូវបានគេចាប់ដាក់គុក ។​ ធនញ្ជ័យក៏ប្រើប្រាជ្ញាខ្លួនដើម្បីបានចេញពីគុក​ ។​ ក្រោយមកគាត់ក៏ធ្លាក់ខ្លួនឈីហើយគាត់ក៏ផ្តាំប្រពន្ធអោយ​ដាក់ចម្រូងដោតលើផ្នូររបស់គាត់ ។
520 ## - SUMMARY, ETC.
Summary, etc. The fame of Thon Chansay spread all the way to China. The Chinese king wanted to come to Cambodia to challenge Thon Chansay. Fearing defeat, Thon Chansay jumped into the water and drifted toward a Chinese ship. When the time for the riddle contest arrived, Thon Chansay won.<br/>Later, the Cambodian king, afraid that Thon Chansay might take over the throne, ordered him to live in a remote area near a river. Thon Chansay began collecting taxes from the people. When this news reached the king, he ordered his soldiers to kill Thon Chansay by tying him up in the middle of a boat.<br/>Thon Chansay asked the soldiers to untie him and requested the rowers to shout “Hai oh oh!” when he fell into the water. After escaping, he became a monk.<br/>When the Chinese king learned of Thon Chansay's supposed death, he wanted to challenge riddles again. Venerable Chay (Thon Chansay in monkhood) went to receive alms at the royal palace. The king appointed him to compete in riddles once more with the Chinese scholars.<br/>After winning the second contest, he married a woman named Suosdey. After the wedding, Thon Chansay traveled to China. When he arrived, he spoke disrespectfully to the Chinese king and was imprisoned. He used his wit to escape from prison.<br/>Later, he fell ill, and before his death, he instructed his wife to place a chamroung daut (ceremonial stone or marker) on his grave.
521 8# - TARGET AUDIENCE NOTE
Target audience note 650 <br/>
Source Lexile estimate <br/>
521 8# - TARGET AUDIENCE NOTE
Target audience note P <br/>
Source Raz-Plus <br/>
650 ## - SUBJECT ADDED ENTRY--TOPICAL TERM
Topical term or geographic name entry element បណ្ឌិតធនញ្ជ័យ
Form subdivision រឿងនិទានកុមារ
650 ## - SUBJECT ADDED ENTRY--TOPICAL TERM
Topical term or geographic name entry element Thun Chey the sage
Form subdivision Children's stories
700 ## - ADDED ENTRY--PERSONAL NAME
Personal name San, Thai
Relator term Illustrator
942 ## - ADDED ENTRY ELEMENTS (KOHA)
Source of classification or shelving scheme Dewey Decimal Classification
Koha item type Khmer Books
Suppress in OPAC No
Holdings
Withdrawn status Lost status Source of classification or shelving scheme Damaged status Not for loan Collection Home library Current library Shelving location Date acquired Total Checkouts Full call number Barcode Date last seen Price effective from Koha item type
    Dewey Decimal Classification     Khmer-English Bilingual / ភាសាខ្មែរ-អង់គ្លេស Footprints International School Library Network Toul Tom Poung Campus Footprints International School Library Network Toul Tom Poung Campus TTP Primary Khmer Bookshelves 10/02/2025   SOT PZ7 2025-4462 10/02/2025 10/02/2025 Khmer Books